000 00358nam a2200145Ia 4500
008 151213s9999 xx 000 0 und d
100 _aG.Shamsur Rahman
245 _aLaw Dictionary
_cG.Shamsur Rahman
260 _aDhaka
_bKamrul Book House
_c2003
300 _a2577 p.
650 _aLaw
650 _aLaw
700 _aG.Shamsur Rahman
999 _c1726
_d1726